| 000 | 00624cam a2200229u 4500 | ||
|---|---|---|---|
| 001 | 20509 | ||
| 003 | BD-RjUL | ||
| 005 | 20211209000556.0 | ||
| 008 | 140301s1959 nyu 000 0 eng d | ||
| 035 | _a(BD-RjUL)20571 | ||
| 040 |
_aDLC _cCarP _dBD-RjUL _beng |
||
| 041 | _aeng | ||
| 082 |
_a843.912 _bBAE 1959 |
||
| 100 | 1 |
_aBalzac, Honoré de, _d1799-1850. _963240 |
|
| 245 | 1 | 0 | _aEugenie Grandet / |
| 260 |
_aNew York : _bR. Bonner's sons, _c1959. |
||
| 300 |
_axvi, 175 p. ; _c19 cm. |
||
| 650 |
_aFrench fiction Translations into English _963241 |
||
| 942 |
_2ddc _cBK |
||
| 999 |
_c20509 _d20509 |
||